[Event "Copenhagen Challenge IM 2020"]
[Site "Ballerup"]
[Date "2020.07.25"]
[Round "6.6"]
[White "Heimisson, Hilmir Freyr"]
[Black "Vinter-Schou, Uffe"]
[Result "1-0"]
[WhiteElo "2309"]
[BlackElo "2349"]
[Annotator "ChessBase"]
[PlyCount "141"]
[EventDate "2020.07.22"]
[EventType "tourn"]
[EventCountry "DEN"]
[SourceTitle "playchess.com"]
[Source "ChessBase"]
[SourceQuality "1"]
[TimeControl "40/5400:0"]

1. d4 {[%emt 0:00:00]} Nf6 {[%emt 0:00:00]} 2. Bf4 {[%emt 0:00:00]} e6 {[%emt 0:01:03]} 3. Nf3 {[%emt 0:00:00]} c5 {[%emt 0:00:00]} 4. e3 {[%emt 0:00:00]} Nc6 {[%emt 0:00:00]} 5. Nbd2 {[%emt 0:01:19]} Be7 {[%emt 0:05:06]} 6. Nc4 {[%emt 0:10:26]} d5 {[%emt 0:04:05]} 7. Nce5 {[%emt 0:00:00]} Qb6 {[%emt 0:00:00]} 8. Rb1 {[%emt 0:10:59]} Qa5+ {[%emt 0:02:00]} 9. c3 {[%emt 0:00:20]} Qxa2 {[%emt 0:00:00]} 10. dxc5 {[%emt 0:04:28]} O-O {[%emt 0:08:10]} 11. Bd3 {[%emt 0:01:37]} Ne4 {[%emt 0:07:14]} 12. O-O {[%emt 0:17:50]} Nxc5 {[%emt 0:19:16]} 13. b4 {[%emt 0:00:38]} Nxe5 {[%emt 0:07:57]} 14. Nxe5 {[%emt 0:00:00]} Ne4 {[%emt 0:00:00]} 15. Ra1 {[%emt 0:14:06]} Qb2 {[%emt 0:02:15]} 16. Bxe4 {[%emt 0:04:52]} dxe4 {[%emt 0:00:00]} 17. Nc4 {[%emt 0:00:18]} Qxc3 {[%emt 0:00:00]} 18. Nb6 {[%emt 0:00:00]} axb6 {[%emt 0:06:26]} 19. Rxa8 {[%emt 0:00:00]} Qxb4 {[%emt 0:03:53]} 20. Qd4 {[%emt 0:03:28]} Qxd4 {[%emt 0:02:43]} 21. exd4 {[%emt 0:00:00]} Bd7 {[%emt 0:00:00]} 22. Rfa1 {[%emt 0:00:00]} f6 {[%emt 0:00:53]} 23. Rxf8+ {[%emt 0:05:09]} Kxf8 {[%emt 0:00:17]} 24. Rb1 {[%emt 0:01:56]} b5 {[%emt 0:00:00]} 25. Kf1 {[%emt 0:01:31]} Bc6 {[%emt 0:01:06]} 26. Ke1 {[%emt 0:01:11]} Kf7 {[%emt 0:00:00]} 27. Kd2 {[%emt 0:01:57]} b4 {[%emt 0:01:41]} 28. h4 {[%emt 0:03:55]} h5 {[%emt 0:00:00]} 29. Rg1 {[%emt 0:01:04]} Bd5 {[%emt 0:01:07]} 30. Kc2 {[%emt 0:00:00]} Bd8 {[%emt 0:00:14]} 31. Bc1 {[%emt 0:01:16]} Ba5 {[%emt 0:02:14]} 32. g4 {[%emt 0:00:49]} b3+ {[%emt 0:00:04]} 33. Kb2 {[%emt 0:00:00]} hxg4 {[%emt 0:00:01]} 34. Rxg4 {[%emt 0:00:00]} f5 {[%emt 0:00:34]} 35. Rg1 {[%emt 0:00:00]} Bc7 {[%emt 0:00:00]} 36. Bd2 {[%emt 0:00:03]} Bd6 {[%emt 0:01:40]} 37. h5 {[%emt 0:00:00]} Bh2 {[%emt 0:03:55]} 38. Rg6 {[%emt 0:00:00]} b5 {[%emt 0:02:28]} 39. Rg5 {[%emt 0:00:00]} Bd6 {[%emt 0:00:23]} 40. Rg1 {[%emt 0:00:05]} Be7 {[%emt 0:00:45]} 41. Bf4 {[%emt 1:06:04]} Bf6 {[%emt 1:00:12]} 42. Be5 {[%emt 0:00:00]} Bc4 {[%emt 0:05:08]} 43. Rg6 {[%emt 0:03:02]} Bxe5 {[%emt 0:00:00]} 44. dxe5 {[%emt 0:00:00]} Be2 {[%emt 0:00:00]} 45. Rg5 {[%emt 0:02:17]} f4 {[%emt 0:00:00]} 46. Kxb3 {[%emt 0:01:38]} e3 {[%emt 0:00:00]} 47. fxe3 {[%emt 0:00:00]} f3 {[%emt 0:00:00]} 48. Rg4 {[%emt 0:00:00]} Kg8 {[%emt 0:00:00]} 49. Rf4 {[%emt 0:06:19]} Kh7 {[%emt 0:00:00]} 50. Kc3 {[%emt 0:00:39]} Kh6 {[%emt 0:00:00]} 51. Kd2 {[%emt 0:00:00]} Kxh5 {[%emt 0:00:00]} 52. Ke1 {[%emt 0:00:00]} g5 {[%emt 0:21:18]} 53. Rf6 {[%emt 0:00:00]} Bc4 {[%emt 0:00:00]} 54. Kf2 {[%emt 0:00:13]} g4 {[%emt 0:00:38]} 55. Kg3 {[%emt 0:00:00]} Bd5 {[%emt 0:01:25]} 56. Rf4 {[%emt 0:00:00]} Bc4 {[%emt 0:02:27]} 57. Rf8 {[%emt 0:00:00]} Kg5 {[%emt 0:00:15]} 58. Rf7 {[%emt 0:00:44]} Kg6 {[%emt 0:00:00]} 59. Rf6+ {[%emt 0:02:08]} Kg5 {[%emt 0:00:00]} 60. Rf8 {[%emt 0:01:25]} Bd3 {[%emt 0:00:00]} 61. Rd8 {[%emt 0:00:40]} Be4 {[%emt 0:00:00]} 62. Rf8 {[%emt 0:00:45]} Bf5 {[%emt 0:00:00]} 63. Rg8+ {[%emt 0:00:10]} Bg6 {[%emt 0:00:00]} 64. e4 {[%emt 0:03:06]} b4 {[%emt 0:00:00]} 65. Kf2 {[%emt 0:00:45]} Kh5 {[%emt 0:00:29]} 66. Ke3 {[%emt 0:00:00]} b3 {[%emt 0:00:00]} 67. Rg7 {[%emt 0:00:08]} Bxe4 {[%emt 0:00:00]} 68. Kxe4 {[%emt 0:00:00]} b2 {[%emt 0:00:00]} 69. Rh7+ {[%emt 0:00:00]} Kg5 {[%emt 0:00:00]} 70. Rh1 {[%emt 0:00:00]} f2 {[%emt 0:00:00]} 71. Ke3 {[%emt 0:00:00]} 1-0

[Event "Copenhagen Challenge IM 2020"]
[Site "Ballerup"]
[Date "2020.07.25"]
[Round "6.7"]
[White "Hove, Esben Kjems"]
[Black "Brondt, Nicolai Kvist"]
[Result "1/2-1/2"]
[WhiteElo "2324"]
[BlackElo "2223"]
[Annotator "TA"]
[PlyCount "65"]
[EventDate "2020.07.22"]
[EventType "tourn"]
[EventCountry "DEN"]
[SourceTitle "playchess.com"]
[Source "ChessBase"]
[SourceQuality "1"]

{[%evp 23,65,-29,-7,-11,-11,-10,0,-4,9,8,8,8,17,9,12,-54,39,31,37,9,36,31,25,0,0,-8,-9,-13,0,0,30,0,14,-22,-12,-12,-18,-18,-13,-12,-13,-20,-13,-31]} 1. d4 Nf6 2. Nf3 d5 3. Bf4 c5 4. e3 Nc6 5. c3 Qb6 6. Qb3 c4 7. Qc2 Bf5 8. Qc1 h6 9. h3 e6 10. Be2 Be7 11. O-O O-O 12. Nbd2 Qd8 13. Bd1 {D02: 1 d4 d5 2 Nf3 sidelines, including 2...Nf6 3 g3 and 2...Nf6 3 Bf4.} b5 14. Bc2 {[#]} Qd7 $146 ({Predecessor:} 14... Bxc2 15. Qxc2 Bd6 16. Bxd6 Qxd6 17. e4 dxe4 18. Nxe4 Nxe4 19. Qxe4 Qd5 20. Qxd5 exd5 {1-0 (51) Nisipeanu,L (2674)-Parligras,M (2645) Bucharest 2018}) 15. Re1 Ne4 (15... Qb7 {looks sharper.} 16. Bg3 Rac8 17. Qb1 Bxc2 18. Qxc2 a5) 16. Nxe4 Bxe4 17. Bxe4 dxe4 18. Nd2 f5 19. f3 {[#]} (19. a4 $11) 19... exf3 ({Black should play} 19... e5 $1 $15 {[%mdl 512]} 20. Bxe5 (20. dxe5 Rad8) 20... Nxe5 21. dxe5 Rad8) 20. Nxf3 $14 Bf6 21. Qc2 Rae8 22. a4 a6 23. axb5 axb5 24. b3 e5 25. Bh2 Qd5 {[%cal Re5d4]} 26. bxc4 bxc4 (26... Qxc4 $5 {[%cal Re5d4]} 27. Rac1 {[#]} f4 $1 $11 {[%mdl 512]}) 27. Qa4 Kh7 {The position is equal.} 28. dxe5 Nxe5 29. Bxe5 Bxe5 30. Rad1 Qc5 31. Nxe5 Rxe5 32. Rd4 Rc8 33. Re2 {Accuracy: White = 69%, Black = 72%.} 1/2-1/2

[Event "Copenhagen Challenge IM 2020"]
[Site "Ballerup"]
[Date "2020.07.25"]
[Round "6.8"]
[White "Nielsen, Viktor Haarmark"]
[Black "Brynell, Stellan"]
[Result "1/2-1/2"]
[WhiteElo "2301"]
[BlackElo "2414"]
[Annotator "TA"]
[PlyCount "96"]
[EventDate "2020.07.22"]
[EventType "tourn"]
[EventCountry "DEN"]
[SourceTitle "playchess.com"]
[Source "ChessBase"]
[SourceQuality "1"]

{[%evp 13,96,12,13,18,19,10,21,12,26,12,39,0,0,-64,-63,-67,14,13,27,29,66,40,41,22,22,0,0,-22,-14,-41,0,0,35,30,42,0,-7,0,0,0,0,0,0,0,0,0,0,5,14,6,6,0,0,0,0,5,85,79,95,0,0,0,0,0,0,0,0,0,0,0,0,0,0,0,0,0,0,0,0,0,0,0,0,0,0]} 1. e4 e5 2. Nf3 Nf6 3. Nxe5 d6 4. Nf3 Nxe4 5. Nc3 Nxc3 6. dxc3 Be7 7. Be3 O-O 8. Qd2 {C42: Petroff Defence: 3 Nxe5 and unusual White 3rd moves.} Nd7 9. O-O-O Nf6 {Nowadays more popular than 9...Ne5.} 10. Bd3 c5 11. Kb1 Qa5 12. h3 b5 13. Rhe1 {[#]} ({Better is} 13. a3 $11) 13... Be6 $146 ({Predecessor:} 13... Re8 14. c4 b4 15. g4 Bb7 16. Nh4 Ne4 17. Bxe4 Bxe4 18. Nf5 Bf3 19. Nxe7+ Rxe7 {½-½ (31) Hunt,H (2413)-Ledger,A (2459) England 1999}) 14. a3 $1 Rfe8 (14... c4 $1 $15 15. Be2 Ne4) 15. Ng5 Bc4 16. Ne4 $36 {[%mdl 2048] White is pushing.} Be6 17. Bf4 Rad8 18. g4 Qb6 19. Ng5 Bc4 20. Re2 Bf8 21. Rde1 {[#] Hoping for Nxh7!} Bxd3 22. Rxe8 Nxe8 (22... Rxe8 {looks sharper.} 23. Rxe8 Nxe8 24. Qxd3 Nf6 25. Ne4 d5) 23. Qxd3 {[%csl Gg5][%cal Rd3h7]} Nf6 24. Qf5 {Black must now prevent Nxf7!} (24. Nxf7 $5 Kxf7 25. g5 $16) 24... Qb7 25. Ne4 Nxe4 26. Qxe4 Qxe4 27. Rxe4 $11 {[%mdl 4096] Endgame KRB-KRB} f6 28. c4 a6 29. cxb5 axb5 30. c4 d5 31. cxd5 Rxd5 32. Kc2 Kf7 33. b3 f5 34. gxf5 Kf6 (34... Rxf5 $11 35. a4 c4) 35. Re8 $16 Be7 {[#]} 36. a4 (36. Be3 $1 $16) 36... bxa4 $1 $11 {The position is equal.} ({Much worse is} 36... Rxf5 $6 37. Be3 $16) 37. bxa4 {aiming for a5.} Rd4 $1 {[%cal Rd4f4]} 38. Be5+ {[%mdl 64] Decoy} Kxe5 39. Rxe7+ {[%mdl 64] Double Attack} Kxf5 40. Rxg7 (40. a5 {feels hotter.} Ra4 41. Ra7 Ke5 42. Kb3 Rb4+ 43. Kc3) 40... Rxa4 41. Rxh7 {KR-KR} Kg6 42. Rc7 Ra2+ 43. Kb3 Rxf2 44. Rxc5 (44. Kc4 {is more complex.}) 44... Rf3+ 45. Rc3 Rxc3+ 46. Kxc3 Kh5 47. Kd4 Kh4 48. Ke4 Kxh3 {Accuracy: White = 82%, Black = 81%.} 1/2-1/2

[Event "Copenhagen Challenge IM 2020"]
[Site "Ballerup"]
[Date "2020.07.25"]
[Round "6.9"]
[White "Vesterli, Michael E."]
[Black "Jepson, Christian"]
[Result "0-1"]
[WhiteElo "2266"]
[BlackElo "2377"]
[Annotator "ChessBase"]
[PlyCount "94"]
[EventDate "2020.07.22"]
[EventType "tourn"]
[EventCountry "DEN"]
[SourceTitle "playchess.com"]
[Source "ChessBase"]
[SourceQuality "1"]
[TimeControl "40/5400:0"]

1. d4 {[%emt 0:00:00]} Nf6 {[%emt 0:00:00]} 2. c4 {[%emt 0:00:00]} e6 {[%emt 0:02:09]} 3. Nf3 {[%emt 0:00:00]} d5 {[%emt 0:00:00]} 4. Bg5 {[%emt 0:00:00]} Nbd7 {[%emt 0:00:00]} 5. e3 {[%emt 0:00:00]} c6 {[%emt 0:03:19]} 6. Qc2 {[%emt 0:00:00]} Qa5+ {[%emt 0:02:16]} 7. Nbd2 {[%emt 0:00:00]} Ne4 {[%emt 0:01:11]} 8. Bf4 {[%emt 0:01:14]} Bb4 {[%emt 0:12:16]} 9. a3 {[%emt 0:08:49]} g5 {[%emt 0:05:39]} 10. Bg3 {[%emt 0:01:07]} h5 {[%emt 0:02:42]} 11. O-O-O {[%emt 0:05:16]} Bxa3 {[%emt 0:08:51]} 12. bxa3 {[%emt 0:02:41]} Qxa3+ {[%emt 0:00:00]} 13. Qb2 {[%emt 0:00:00]} Qxb2+ {[%emt 0:00:09]} 14. Kxb2 {[%emt 0:00:00]} h4 {[%emt 0:00:00]} 15. Nxe4 {[%emt 0:08:20]} dxe4 {[%emt 0:00:00]} 16. Nxg5 {[%emt 0:00:46]} hxg3 {[%emt 0:00:00]} 17. fxg3 {[%emt 0:00:00]} Ke7 {[%emt 0:14:44]} 18. Nxe4 {[%emt 0:00:32]} f5 {[%emt 0:00:19]} 19. Nd2 {[%emt 0:05:48]} Nf6 {[%emt 0:00:00]} 20. Be2 {[%emt 0:00:21]} Bd7 {[%emt 0:00:09]} 21. Ra1 {[%emt 0:08:53]} b6 {[%emt 0:00:32]} 22. Bf3 {[%emt 0:00:14]} a5 {[%emt 0:02:59]} 23. e4 {[%emt 0:02:56]} Ra7 {[%emt 0:01:07]} 24. e5 {[%emt 0:03:32]} Nh7 {[%emt 0:14:22]} 25. g4 {[%emt 0:02:15]} fxg4 {[%emt 0:00:27]} 26. Bxg4 {[%emt 0:00:00]} Rg8 {[%emt 0:00:00]} 27. h3 {[%emt 0:00:29]} c5 {[%emt 0:04:12]} 28. dxc5 {[%emt 0:09:02]} bxc5 {[%emt 0:00:00]} 29. Rhf1 {[%emt 0:01:00]} Bc6 {[%emt 0:02:30]} 30. g3 {[%emt 0:01:09]} Rd8 {[%emt 0:07:44]} 31. Kc3 {[%emt 0:03:52]} Rad7 {[%emt 0:00:11]} 32. Nb3 {[%emt 0:06:38]} Rd3+ {[%emt 0:00:00]} 33. Kc2 {[%emt 0:00:00]} Rxg3 {[%emt 0:00:52]} 34. Nxc5 {[%emt 0:00:00]} Rg2+ {[%emt 0:00:00]} 35. Kc1 {[%emt 0:01:55]} a4 {[%emt 0:00:00]} 36. Nxa4 {[%emt 0:04:30]} Be4 {[%emt 0:00:15]} 37. Bd1 {[%emt 0:00:00]} Ra8 {[%emt 0:00:21]} 38. Ra3 {[%emt 0:00:54]} Bf5 {[%emt 0:00:00]} 39. h4 {[%emt 0:01:31]} Nf8 {[%emt 0:00:00]} 40. Rb3 {[%emt 0:01:31]} Nd7 {[%emt 0:00:00]} 41. Rb7 {[%emt 1:30:52]} Ra5 {[%emt 1:30:09]} 42. Rf4 {[%emt 0:00:00]} Ke8 {[%emt 0:00:00]} 43. Rb5 {[%emt 0:00:00]} Nxe5 {[%emt 0:00:00]} 44. Rd4 {[%emt 0:00:00]} Nd3+ {[%emt 0:00:00]} 45. Kb1 {[%emt 0:00:00]} Rxb5+ {[%emt 0:00:00]} 46. cxb5 {[%emt 0:00:00]} Nb4+ {[%emt 0:00:00]} 47. Kc1 {[%emt 0:00:00]} Na2# {[%emt 0:00:00]} 0-1

[Event "Copenhagen Challenge IM 2020"]
[Site "Ballerup"]
[Date "2020.07.25"]
[Round "6.10"]
[White "Akdag, Dara"]
[Black "Ingebretsen, Jens E"]
[Result "1-0"]
[WhiteElo "2244"]
[BlackElo "2182"]
[Annotator "ChessBase"]
[PlyCount "105"]
[EventDate "2020.07.22"]
[EventType "tourn"]
[EventCountry "DEN"]
[SourceTitle "playchess.com"]
[Source "ChessBase"]
[SourceQuality "1"]
[TimeControl "40/5400:0"]

1. f4 {[%emt 0:00:00]} d5 {[%emt 0:01:51]} 2. Nf3 {[%emt 0:00:00]} Bg4 {[%emt 0:00:00]} 3. e3 {[%emt 0:00:00]} Nd7 {[%emt 0:00:00]} 4. h3 {[%emt 0:00:00]} Bxf3 {[%emt 0:00:00]} 5. Qxf3 {[%emt 0:00:00]} Ngf6 {[%emt 0:00:14]} 6. Nc3 {[%emt 0:00:00]} c6 {[%emt 0:04:38]} 7. g4 {[%emt 0:00:36]} e5 {[%emt 0:01:56]} 8. d3 {[%emt 0:14:47]} Bd6 {[%emt 0:02:36]} 9. g5 {[%emt 0:04:28]} Ng8 {[%emt 0:00:00]} 10. e4 {[%emt 0:08:15]} exf4 {[%emt 0:03:04]} 11. Bxf4 {[%emt 0:11:24]} Ne5 {[%emt 0:04:24]} 12. Qf2 {[%emt 0:04:39]} d4 {[%emt 0:02:16]} 13. Ne2 {[%emt 0:00:10]} Qa5+ {[%emt 0:08:15]} 14. Bd2 {[%emt 0:00:23]} Bb4 {[%emt 0:02:18]} 15. Bxb4 {[%emt 0:09:56]} Qxb4+ {[%emt 0:00:21]} 16. Kd1 {[%emt 0:00:00]} c5 {[%emt 0:01:59]} 17. Qf5 {[%emt 0:04:37]} Nc6 {[%emt 0:00:36]} 18. Rb1 {[%emt 0:02:02]} Nge7 {[%emt 0:00:04]} 19. Qf2 {[%emt 0:00:00]} Qa4 {[%emt 0:02:51]} 20. a3 {[%emt 0:00:31]} O-O {[%emt 0:03:44]} 21. Nf4 {[%emt 0:00:28]} Rad8 {[%emt 0:00:58]} 22. h4 {[%emt 0:02:13]} Ne5 {[%emt 0:07:07]} 23. Qg3 {[%emt 0:00:00]} c4 {[%emt 0:03:36]} 24. h5 {[%emt 0:04:13]} Qc6 {[%emt 0:04:12]} 25. Rh2 {[%emt 0:07:28]} cxd3 {[%emt 0:06:20]} 26. Bxd3 {[%emt 0:03:01]} Qc7 {[%emt 0:05:28]} 27. g6 {[%emt 0:00:44]} Rc8 {[%emt 0:02:51]} 28. gxh7+ {[%emt 0:02:50]} Kh8 {[%emt 0:02:27]} 29. Rg2 {[%emt 0:01:07]} g6 {[%emt 0:00:00]} 30. hxg6 {[%emt 0:02:34]} fxg6 {[%emt 0:00:39]} 31. Ne6 {[%emt 0:00:00]} Qd6 {[%emt 0:00:12]} 32. Nxf8 {[%emt 0:00:00]} Rxf8 {[%emt 0:00:00]} 33. Rf2 {[%emt 0:00:00]} Rc8 {[%emt 0:01:33]} 34. Qf4 {[%emt 0:00:00]} Kg7 {[%emt 0:00:35]} 35. Kd2 {[%emt 0:00:00]} N7c6 {[%emt 0:03:13]} 36. Rh1 {[%emt 0:00:00]} Na5 {[%emt 0:06:55]} 37. h8=Q+ {[%emt 0:00:04]} Rxh8 {[%emt 0:00:00]} 38. Rxh8 {[%emt 0:00:00]} Kxh8 {[%emt 0:00:00]} 39. Qf8+ {[%emt 0:00:00]} Qxf8 {[%emt 0:00:00]} 40. Rxf8+ {[%emt 0:00:00]} Kg7 {[%emt 0:00:00]} 41. Rc8 {[%emt 1:29:49]} Kf6 {[%emt 1:29:35]} 42. Rc7 {[%emt 0:00:20]} Ke6 {[%emt 0:02:00]} 43. b4 {[%emt 0:00:15]} Kd6 {[%emt 0:00:00]} 44. Rg7 {[%emt 0:00:00]} Nac6 {[%emt 0:00:00]} 45. Rxb7 {[%emt 0:00:00]} g5 {[%emt 0:00:00]} 46. b5 {[%emt 0:00:00]} Ne7 {[%emt 0:00:00]} 47. Rxa7 {[%emt 0:00:00]} g4 {[%emt 0:00:00]} 48. Ke2 {[%emt 0:00:00]} N7g6 {[%emt 0:00:00]} 49. Ra6+ {[%emt 0:00:00]} Ke7 {[%emt 0:00:00]} 50. Rxg6 {[%emt 0:00:00]} Nxg6 {[%emt 0:00:00]} 51. Kf2 {[%emt 0:00:00]} Kf6 {[%emt 0:00:00]} 52. b6 {[%emt 0:00:00]} Ne5 {[%emt 0:00:00]} 53. Bb5 {[%emt 0:00:00]} 1-0

[Event "Copenhagen Challenge IM 2020"]
[Site "Ballerup"]
[Date "2020.07.25"]
[Round "7.6"]
[White "Jepson, Christian"]
[Black "Heimisson, Hilmir Freyr"]
[Result "1/2-1/2"]
[WhiteElo "2377"]
[BlackElo "2309"]
[Annotator "TA"]
[PlyCount "98"]
[EventDate "2020.07.22"]
[EventType "tourn"]
[EventCountry "DEN"]
[SourceTitle "playchess.com"]
[Source "ChessBase"]
[SourceQuality "1"]

{[%evp 11,98,0,5,-8,2,6,31,24,37,10,26,20,29,17,9,0,25,8,17,17,17,17,14,-26,-5,-64,-51,-60,-61,-56,-64,-62,-70,-62,-56,-66,-70,-97,-96,-166,-161,-161,-166,-171,-133,-131,0,-91,0,0,30,30,30,33,26,23,96,80,127,128,151,151,146,0,0,-84,0,0,0,-10,0,0,0,0,0,0,0,0,0,0,0,0,0,0,0,4,34,35,95]} 1. d4 Nf6 2. Nf3 d5 3. c4 e6 4. Nc3 Bb4 5. e3 O-O 6. Bd2 Nbd7 7. Qb3 {7.Rc1 is a critical line. E51: Nimzo-Indian: Rubinstein: 4...0-0 5 Nf3 d5.} Bxc3 8. Bxc3 c6 {[#]} 9. Be2 $146 ({Predecessor:} 9. Bb4 Re8 10. Bd6 Ne4 11. Bf4 Qa5+ 12. Ke2 e5 13. Bxe5 Nxe5 14. dxe5 Bg4 15. Rd1 {0-1 (24) Huang,B-Connors,D Los Angeles 2009}) 9... Ne4 10. Bb4 Re8 11. a4 c5 12. dxc5 a5 13. Ba3 Ndxc5 14. Qc2 Bd7 15. Bxc5 Nxc5 16. cxd5 Rc8 17. dxe6 Bxe6 18. Rd1 (18. Qd1 $1 $11) 18... Qb6 $1 $15 {aiming for ...Bb3.} 19. Ng5 g6 20. Nxe6 Nxe6 21. Qe4 Qxb2 22. Bb5 $1 {[%cal Rb5e8]} Qc3+ $1 23. Ke2 Red8 24. h4 Nc5 25. Rxd8+ (25. Qb1 $17) 25... Rxd8 $19 26. Qe7 Qc2+ 27. Kf3 Qf5+ 28. Kg3 Ne6 (28... Ne4+ $1 $17 29. Kh2 Rd2) 29. Rf1 (29. Qxb7 $11 Qe5+ 30. Kh3) 29... Rd2 (29... Qe5+ $1 $17 30. f4 Qxe3+ 31. Kh2 Qc5 32. Qxb7 Rd4) 30. Qxb7 $11 g5 31. hxg5 Nxg5 ({Reject} 31... Qxg5+ 32. Kh2 $16) 32. Qb8+ Kg7 33. Qf4 Qg6 {[#]} (33... Ne4+ $11 34. Kh2 Qxf4+ 35. exf4 Nxf2) 34. Kh2 $1 $16 Rd5 35. Rc1 Ne6 {[#]} 36. Qf3 $1 {[%cal Rf3d5]} Rf5 37. Qc6 (37. Qe2 $16) 37... Rxf2 $11 38. Rf1 (38. Qc3+ $11 f6 39. Bf1) 38... Rc2 ({Better is} 38... Rxf1 $17 39. Bxf1 Qh6+ {[%mdl 64] Double Attack} 40. Kg1 Qxe3+ 41. Kh2 Qf4+ 42. Kg1 Qe3+ 43. Kh2 Qf4+ 44. Kg1 Qd4+ 45. Kh1 Qb4) 39. Qf3 $1 Ng5 40. Qg3 Rc5 41. Rf4 h6 42. Rd4 Qe6 43. Rd6 Qe7 44. Rd7 Qf6 45. Qf4 Rf5 46. Qd4 Re5 47. Bc4 Ne6 48. Bxe6 Rxe6 49. Rd5 Kg6 {Quite a comeback for White. Accuracy: White = 79%, Black = 72%.} (49... Ra6 $14) 1/2-1/2

[Event "Copenhagen Challenge IM 2020"]
[Site "Ballerup"]
[Date "2020.07.25"]
[Round "7.7"]
[White "Vinter-Schou, Uffe"]
[Black "Hove, Esben Kjems"]
[Result "1-0"]
[WhiteElo "2349"]
[BlackElo "2324"]
[Annotator "TA"]
[PlyCount "111"]
[EventDate "2020.07.22"]
[EventType "tourn"]
[EventCountry "DEN"]
[SourceTitle "playchess.com"]
[Source "ChessBase"]
[SourceQuality "1"]

{[%evp 9,110,8,36,5,16,0,75,66,83,64,79,67,127,46,82,68,162,120,121,113,125,126,139,127,143,95,83,91,87,56,53,55,90,56,170,57,64,85,126,103,111,104,104,97,109,92,104,59,60,54,112,15,41,45,101,48,47,22,90,41,53,53,55,48,89,60,98,64,64,66,64,37,40,40,75,61,70,25,132,64,162,164,168,173,308,270,257,175,191,145,636,628,1116,1085,921,927,842,754,1714,1648,1860,1820,29999]} 1. e4 c6 2. d4 d5 3. e5 Bf5 4. h4 h6 5. g4 Bd7 6. Nc3 {B12: Caro-Kann: Advance Variation.} e6 7. Be3 Ne7 (7... Qb6 $11) 8. h5 {[#] White is better.} Nc8 $146 ({Predecessor:} 8... Qc7 9. f4 Nc8 10. Nf3 c5 11. Ne2 Nb6 12. b3 cxd4 13. Nexd4 Bb4+ 14. Kf2 a6 {1-0 (51) Henriquez Villagra,C (2491)-Lan,Z (2250) Barcelona 2016}) 9. f4 b5 10. Bd3 Qb6 (10... Qa5 $14) 11. Qe2 ({Better is} 11. f5 $16) 11... Na6 12. a3 b4 (12... c5 $14) 13. Bxa6 {Threatens to win with Na4.} bxc3 14. b4 ({Reject} 14. bxc3 $6 c5 $11) 14... Ne7 15. Nf3 Bc8 16. Bd3 a5 17. b5 cxb5 18. Bxb5+ Bd7 19. Rb1 {Black must now prevent Bxd7+.} Nc6 20. Rb3 Be7 21. O-O O-O ({Black should play} 21... a4 $1 $14 22. Bxa4 (22. Rxc3 Nxe5 23. Bxd7+ Nxd7 $11) 22... Qc7 23. Bxc6 Qxc6) 22. Rfb1 (22. Bd3 $18 Qc7 23. Rxc3) 22... a4 $14 23. Bxa4 $1 {[%mdl 64] Discovered Attack} ({Inferior is} 23. Rxc3 Rfb8 $17) 23... Qa5 24. Bb5 Qc7 25. Rxc3 {And now g5 would win.} Rxa3 26. Rxa3 Bxa3 27. Qd3 Be7 {Black wants to play ...Nb4.} 28. Qc3 (28. c3 {looks sharper.} Rb8 29. Qf1 Na5 30. Bxd7 Rxb1 31. Qxb1 Qxd7 32. Kf2) 28... Rc8 {White should prevent ...Nxe5.} 29. Kg2 Qa7 {[#]} (29... Rb8 $14) 30. Ra1 (30. Qe1 $1 $16) 30... Qb6 31. Ba6 Rb8 (31... Rc7 $1 $14) 32. Bd3 ({White should try} 32. Be2 $16) 32... Nb4 33. Rb1 Rc8 (33... Qd8 $11) 34. Qb3 {Hoping for c3.} Qc7 {[%cal Rb4c2]} 35. Bd2 Nxd3 36. cxd3 Bc6 37. Kf2 Ra8 38. Rc1 Ra6 39. Qb5 Qc8 40. Ke3 Qa8 41. Qb1 Qa7 42. Qc2 Rb6 43. Be1 Ra6 {[#]} (43... Qa6 $11 {remains equal.}) 44. Bh4 (44. g5 $1 $16) 44... Bxh4 (44... Bf8 $14) 45. Nxh4 $18 Qe7 46. Nf3 Rb6 (46... Bd7 {was called for.} 47. Rb1 Ra8) 47. Rg1 Be8 48. Qc8 Qd7 49. Qa8 Qc6 $2 {[%mdl 8192] This move loses the game for Black.} (49... Rb3 $16 50. Nd2 Rc3) 50. Qd8 Rb2 {( -> ...Qc2)} 51. g5 Kf8 52. gxh6 gxh6 53. Nd2 Ra2 {[#]} 54. Qb8 $1 {White threatens Qb4+ and mate.} Ke7 {[#]} 55. Rc1 $1 {[%mdl 576] Deflection} Qxc1 56. Qd6# {Accuracy: White = 53%, Black = 47%.} 1-0